MARC

LEADER 00000nam0a2200000 4500
001 8217
005 20231101204602.0
010 |a 5783800600 
035 |a (RuTPU)RU\TPU\book\8263 
035 |a BOOK00008322 
090 |a 8217 
100 |a 20011209d1998 m y0rusy50 ca 
101 0 |a rus  |a eng 
102 |a RU 
105 |a y j 000zy 
200 1 |a Деловой английский  |a English for Business  |e учебник английского языка  |h Ч. 1-2  |f Т. Г. Шелкова [и др.] 
210 |a Москва  |c Вече  |d 1998 
215 |a 640 с. 
606 1 |a Английский язык  |x Учебные руководства и пособия  |x Учебные руководства и пособия для высшей школы  |2 stltpush  |3 (RuTPU)RU\TPU\subj\29071  |9 52483 
610 1 |a лексика 
610 1 |a грамматика 
610 1 |a разговорная речь 
610 1 |a упражнения 
686 |a Ш143.21-923  |v LBC/SL-A  |2 rubbk 
701 1 |a Шелкова  |b Т. Г. 
701 1 |a Лясецкая  |b Л. А. 
701 1 |a Журавченко  |b К. В.  |g Кира Владимировна 
701 1 |a Пикалова  |b Л. А. 
701 1 |a Чопорова  |b Е. Г. 
701 1 |a Шах-Назарова  |b В. С.  |g Валентина Сергеевна 
801 0 |a RU  |b 63413507  |c 20011209  |g PSBO 
801 2 |a RU  |b 63413507  |c 20140211  |g PSBO 
942 |c BK